Zaměstnanci a zaměstnavatelé. Zdaňování příjmů ze závislé činnosti a funkčních požitků.

Predmet dane z príjmov zo závislej činnosti v ČR. Príjmy, ktoré nepodliehajú tomuto zdaneniu. Nezdaniteľné položky, o ktoré sa znižuje základ dane. Platenie dane. Povinnosti platcu a poplatníka.

Salvato in:
Dettagli Bibliografici
Autore principale: Burda, V.
Natura: Capitolo di libro
Lingua:ceco
Soggetti:
Tags: Aggiungi Tag
Nessun Tag, puoi essere il primo ad aggiungerne!!

MARC

LEADER 00000naa a2200000 4500
001 r013306
005 20221213090138.4
041 0 |a cze 
044 |a SK 
245 1 0 |a Zaměstnanci a zaměstnavatelé.  |b Zdaňování příjmů ze závislé činnosti a funkčních požitků.  |c V. Burda 
520 |a Predmet dane z príjmov zo závislej činnosti v ČR. Príjmy, ktoré nepodliehajú tomuto zdaneniu. Nezdaniteľné položky, o ktoré sa znižuje základ dane. Platenie dane. Povinnosti platcu a poplatníka. 
610 2 0 |a dane z príjmov 
610 2 0 |a Čechy 
610 2 0 |a sadzby daňové 
610 2 0 |a zamestnanci 
610 2 0 |a zamestnávatelia 
100 1 |a Burda, V.